| 000 | 00776nam a22002537a 4500 | ||
|---|---|---|---|
| 003 | UA-OsUOA | ||
| 001 | 20727 | ||
| 007 | ta | ||
| 008 | 20031103b un ||||| |||| 00| 0 ukr d | ||
| 100 | _aБалязин В.Н. | ||
| 090 |
_a92 _bБ21 |
||
| 942 | _cBK | ||
| 040 |
_aUA-OsUOA _brus _cUA-OsUOA _dUA-OsUOA |
||
| 245 |
_aФельдмаршал Михаил Богданович Барклай-де-Толли _bЖизнь и полководческая деятельность _cРед. В.В.Амельченко |
||
| 300 |
_a302 с. _bІлюстрації |
||
| 955 | _a0 | ||
| 041 | _arus | ||
| 080 | _a92 | ||
| 020 | _a5-203-00698-9 | ||
| 260 |
_aМосква _bВоенное издательство _c1990 |
||
| 044 | _aRU | ||
| 650 | 7 | _2UDC | |
| 999 |
_c306908 _d306908 |
||